| 000 | 00430nam a2200145 i 4500 | ||
|---|---|---|---|
| 001 | 49177 | ||
| 003 | ES-MaACL | ||
| 007 | t| | ||
| 008 | 030710s1946 sp ||||1| spa d | ||
| 100 | 1 |
_aCortada Reus, Francisco. _940810 |
|
| 245 | 1 | 0 |
_aGeografía económica de España / _cFrancisco Cortada Reus. |
| 260 |
_aBarcelona : _bMiguel Arimany, _c[1946] ( _fIranzo) |
||
| 300 |
_a391 p. ; _c22 cm. |
||
| 852 |
_aES-MaACL _jE-1859 _bR.22718 |
||
| 999 |
_c49177 _d49177 |
||